[Event "BCF-chT2 1819 (4NCL) Promotion"]
[Site "England"]
[Date "2019.05.06"]
[Round "11.27"]
[White "Starley, Robert"]
[Black "Peck, Silas"]
[Result "1/2-1/2"]
[WhiteElo "2045"]
[BlackElo "2065"]
[PlyCount "207"]
[EventDate "2018.11.10"]
[EventType "team-tourn"]
[EventRounds "11"]
[EventCountry "ENG"]
[SourceTitle "EXT 2021"]
[Source "ChessBase"]
[SourceDate "2020.10.23"]
[SourceVersion "1"]
[SourceVersionDate "2020.10.23"]
[SourceQuality "1"]
[WhiteTeam "Cambridge University"]
[BlackTeam "Anglian Avengers"]
[WhiteTeamCountry "ENG"]
[BlackTeamCountry "ENG"]

1. e4 e5 2. Nf3 Nc6 3. Bb5 a6 4. Ba4 Nf6 5. 0-0 Be7 6. Re1 b5 7. Bb3 d6 8. c3 Bg4 9. h3 Bh5 10. d3 0-0 11. Nbd2 Na5 12. Bc2 c5 13. Nf1 Nc6 14. Ng3 Bg6 15. Nh4 Qd7 16. Ngf5 Rad8 17. Nxg6 hxg6 18. Nxe7+ Qxe7 19. Bg5 Rd7 20. Qf3 Nd8 21. a4 b4 22. a5 Ne6 23. Bd2 d5 24. exd5 Rxd5 25. Rad1 Rfd8 26. Bc1 Qc7 27. Bb3 R5d6 28. Rxe5 Rxd3 29. Rxd3 Rxd3 30. Qe2 c4 31. Bc2 bxc3 32. Rxe6 fxe6 33. Bxd3 cxd3 34. Qxd3 Qxa5 35. bxc3 Qd5 36. Qxa6 Qd1+ 37. Qf1 Qc2 38. c4 Ne4 39. Be3 Nc3 40. Kh1 Ne4 41. Kg1 Nd6 42. c5 Nf5 43. Qc1 Qxc1+ 44. Bxc1 Kf7 45. Kf1 Ke7 46. Ke2 Kd7 47. g4 Ne7 48. Kd3 Kc6 49. Kc4 Nd5 50. Be3 e5 51. Bd2 Nf6 52. f3 Nd5 53. Bc1 Nf6 54. Ba3 Nd7 55. Bb4 Nf8 56. Be1 Ne6 57. Bg3 Nxc5 58. Bxe5 Ne6 59. h4 Kd7 60. Kd5 Ke7 61. Bd6+ Kf6 62. Ke4 Nd8 63. Bb4 Ne6 64. Bc3+ Kf7 65. Ke5 Nc5 66. f4 Nd3+ 67. Ke4 Nc5+ 68. Kd5 Nd7 69. Be5 Nf8 70. Bd6 Ne6 71. Ke4 Nd8 72. Bc7 Ne6 73. Bb6 Nf8 74. Bd8 Ne6 75. Bg5 Nf8 76. Bd8 Ne6 77. Ba5 Nf8 78. Bb4 Ne6 79. Ba3 Nc7 80. f5 gxf5+ 81. Kxf5 Ne6 82. h5 Nd4+ 83. Ke5 Ne6 84. Bb2 Nc5 85. Kd6 Ne4+ 86. Ke5 Nc5 87. Bc3 Ne6 88. Bd4 Nxd4 89. Kxd4 Kf6 90. Ke4 Kg5 91. Kf3 g6 92. hxg6 Kxg6 93. Kf4 Kf6 94. g5+ Kg6 95. Kg4 Kg7 96. Kf5 Kf7 97. Kf4 Kg6 98. Kg4 Kg7 99. Kf5 Kf7 100. g6+ Kg7 101. Kg5 Kg8 102. Kh6 Kh8 103. g7+ Kg8 104. Kg6 1/2-1/2

[Event "Southend op 59th"]
[Site "Southend"]
[Date "2015.04.06"]
[Round "7"]
[White "Peck, Silas"]
[Black "Burnett, Jim"]
[Result "0-1"]
[WhiteElo "1886"]
[BlackElo "2121"]
[PlyCount "88"]
[EventDate "2015.04.03"]
[EventType "swiss"]
[EventRounds "7"]
[EventCountry "ENG"]
[SourceTitle "EXT 2017"]
[Source "ChessBase"]
[SourceDate "2016.10.25"]
[SourceVersion "1"]
[SourceVersionDate "2016.10.25"]
[SourceQuality "1"]

1. e4 e6 2. d4 d5 3. Nc3 Bb4 4. e5 c5 5. Bd2 Ne7 6. Nb5 Bxd2+ 7. Qxd2 0-0 8. c3 Nbc6 9. f4 a6 10. Nd6 cxd4 11. cxd4 f6 12. 0-0-0 Qb6 13. Nf3 Bd7 14. Kb1 Nc8 15. Nxc8 Raxc8 16. Rc1 Be8 17. Bd3 Bh5 18. exf6 Bxf3 19. fxg7 Kxg7 20. gxf3 Qxd4 21. Rhe1 Qxf4 22. Qxf4 Rxf4 23. Rxe6 Rf6 24. Rxf6 Kxf6 25. Bxh7 Rh8 26. Bc2 Rxh2 27. Rd1 Rf2 28. Rxd5 Rxc2 29. Rd7 Rc5 30. Rxb7 Ke5 31. Rb6 a5 32. a3 Kd4 33. b4 axb4 34. axb4 Rc4 35. b5 Nb4 36. Re6 Kc3 37. Re3+ Nd3 38. Re4 Rc5 39. Re8 Rxb5+ 40. Ka1 Kc2 41. Re2+ Kb3 42. Rd2 Nb4 43. Re2 Nc2+ 44. Kb1 Rc5 0-1

[Event "Southend op 59th"]
[Site "Southend"]
[Date "2015.04.03"]
[Round "2"]
[White "Wadsworth, Matthew J"]
[Black "Peck, Silas"]
[Result "1-0"]
[WhiteElo "2082"]
[BlackElo "1886"]
[PlyCount "65"]
[EventDate "2015.04.03"]
[EventType "swiss"]
[EventRounds "7"]
[EventCountry "ENG"]
[SourceTitle "EXT 2017"]
[Source "ChessBase"]
[SourceDate "2016.10.25"]
[SourceVersion "1"]
[SourceVersionDate "2016.10.25"]
[SourceQuality "1"]

1. e4 e5 2. Nf3 Nc6 3. Bb5 Bc5 4. c3 Nf6 5. d4 exd4 6. e5 Ne4 7. cxd4 Bb4+ 8. Nbd2 d5 9. 0-0 0-0 10. Bxc6 bxc6 11. Qc2 Nxd2 12. Bxd2 Bxd2 13. Nxd2 Bd7 14. Nb3 f6 15. f4 fxe5 16. dxe5 Qe7 17. Rae1 Rae8 18. f5 Qb4 19. e6 Re7 20. Qc5 Qxc5+ 21. Nxc5 Be8 22. g4 h6 23. h4 Kh8 24. Kg2 Kg8 25. Kg3 Kh8 26. b4 Rg8 27. Kf4 Rf8 28. Ke5 Kg8 29. f6 gxf6+ 30. Rxf6 Rh7 31. e7 Rff7 32. Ne6 Bd7 33. Nxc7 1-0

[Event "London Classic op 6th"]
[Site "London"]
[Date "2014.12.14"]
[Round "8"]
[White "Peck, Silas"]
[Black "Lane, Peter Christopher"]
[Result "1-0"]
[WhiteElo "1862"]
[BlackElo "2043"]
[PlyCount "121"]
[EventDate "2014.12.08"]
[EventType "swiss"]
[EventRounds "9"]
[EventCountry "ENG"]
[SourceTitle "CBM 163 Extra"]
[Source "ChessBase"]
[SourceDate "2014.12.23"]
[SourceVersion "1"]
[SourceVersionDate "2014.12.23"]
[SourceQuality "1"]

1. e4 e6 2. d4 d5 3. Nc3 Bb4 4. e5 Ne7 5. Qg4 c5 6. Nf3 cxd4 7. Nxd4 Qc7 8. Ndb5 Qxe5+ 9. Be2 Na6 10. Bf4 Qf6 11. Bd6 Bxd6 12. Nxd6+ Kf8 13. Bxa6 Qe5+ 14. Nde4 bxa6 15. 0-0-0 f5 16. Qg3 Qxg3 17. Nxg3 Bd7 18. Rhe1 Kf7 19. Nge2 g5 20. Nd4 Rab8 21. Nf3 Kf6 22. Rd3 Rb6 23. Ne5 Be8 24. b3 Ng6 25. Nxg6 Kxg6 26. Kb2 h5 27. Ne2 Bb5 28. Rc3 Bxe2 29. Rxe2 Rh7 30. Rc8 Kf6 31. Rf8+ Kg6 32. Re8 Kf7 33. Ra8 Rb7 34. Rc8 Re7 35. Rc6 g4 36. g3 h4 37. Rxa6 hxg3 38. hxg3 Rh2 39. Kc3 f4 40. Kd3 f3 41. Rd2 Kf6 42. Ke3 Kf5 43. Rd6 Rh1 44. Rd8 Re1+ 45. Kd3 Rf7 46. c4 dxc4+ 47. bxc4 e5 48. Rd5 Ke6 49. Kc2 e4 50. Rd6+ Ke7 51. Rd7+ Kf8 52. Rxf7+ Kxf7 53. c5 e3 54. fxe3 Rxe3 55. Rd4 Ke6 56. c6 Re5 57. Rc4 f2 58. c7 Re2+ 59. Kc3 f1Q 60. c8Q+ Kf7 61. Rf4+ 1-0

[Event "London Classic op 6th"]
[Site "London"]
[Date "2014.12.12"]
[Round "5"]
[White "Gutkind, Kedem"]
[Black "Peck, Silas"]
[Result "1-0"]
[WhiteElo "2064"]
[BlackElo "1862"]
[PlyCount "57"]
[EventDate "2014.12.08"]
[EventType "swiss"]
[EventRounds "9"]
[EventCountry "ENG"]
[SourceTitle "CBM 163 Extra"]
[Source "ChessBase"]
[SourceDate "2014.12.23"]
[SourceVersion "1"]
[SourceVersionDate "2014.12.23"]
[SourceQuality "1"]

1. e4 e5 2. Nf3 Nc6 3. Bb5 Bc5 4. c3 Nf6 5. d4 exd4 6. e5 Ne4 7. cxd4 Bb4+ 8. Nbd2 0-0 9. 0-0 d5 10. a3 Ba5 11. Bxc6 bxc6 12. b4 Bb6 13. Re1 Bf5 14. Bb2 a5 15. Nf1 axb4 16. axb4 Qe7 17. Ne3 Qxb4 18. Qc1 Bg6 19. Ba3 Qb3 20. Bxf8 Rxf8 21. Qxc6 Qb2 22. Rf1 Nc3 23. Nxd5 Ne2+ 24. Kh1 Nxd4 25. Nxd4 Bxd4 26. Ne7+ Kh8 27. Ra8 Rb8 28. Qe8+ Rxe8 29. Rxe8# 1-0